000 01750cam a2200337 a 4500
001 2454
005 20231208140946.0
020 _a9781407110813
_q(pbk.)
020 _a1407110810
_q(pbk.)
040 _aUKM
_beng
_cUKM
_dYDXCP
_dOCLCF
_dOCLCO
_dOCLCQ
_dDLC
050 0 0 _aGB471
_b.G35 2010
082 0 4 _a551.42
_222
100 1 _aGaneri, Anita
_d1961-
245 1 0 _aWild Islands /
_cAnita Ganeri ; illustrated by Mike Phillips
250 _aThis edition published 2010
260 _aLondon ;
_aNew York :
_bScholastic,
_c2010
300 _a128 pages :
_billustrations, maps ;
_c20 cm
490 0 _aHorrible geography
505 _aR
520 _aGeography with the gritty bits left in! Does geography grind you down? Fed up with miserable maps, rotten rock piles and gruelling graphs? Wave goodbye to boring geography lessons as you are cast away on the far-flung shores of Wild Islands. Marvel as a brand-new island pops up from the sea. Gasp at the hot-tempered island that blew its top. Choke on the smell of an island dragon's foul breath. And if that's not wild enough for you, discover where to find coconuts with magical powers, try to crack the case of the missing island, and read the remarkable story of a real-life Robinson Crusoe. It's earth-shatteringly exciting! Geography has never been so horrible!
521 _a800
_bLexile estimate
521 _aR
_bRaz-Plus
650 0 _aIslands
_vJuvenile literature.
650 0 _aCastaways
_vJuvenile literature.
650 7 _aCastaways.
_2fast
_0(OCoLC)fst00848392
650 7 _aIslands.
_2fast
_0(OCoLC)fst00980104
655 7 _aJuvenile works.
_2fast
_0(OCoLC)fst01411637
700 1 _aPhillips, Mike
_d1961-
906 _a7
_bcbc
_ccopycat
_d2
_encip
_f20
_gy-gencatlg
942 _2ddc
_cBK
_n0
999 _c2454
_d2454